<?xml version="1.0" encoding="UTF-8"?>
<marc:record xmlns:marc="http://www.loc.gov/MARC21/slim">
   <marc:leader>00000nam a2200000 a 4500</marc:leader>
   <marc:datafield ind1="1" ind2=" " tag="100">
      <marc:subfield code="a">Woods, Evie</marc:subfield>
      <marc:subfield code="4">aut</marc:subfield>
      <marc:subfield code="e">Verfasser/-in</marc:subfield>
   </marc:datafield>
   <marc:datafield ind1=" " ind2=" " tag="653">
      <marc:subfield code="a">Geheimnisse</marc:subfield>
   </marc:datafield>
   <marc:datafield ind1=" " ind2=" " tag="653">
      <marc:subfield code="a">Mysteriös</marc:subfield>
   </marc:datafield>
   <marc:datafield ind1="0" ind2="0" tag="245">
      <marc:subfield code="a">Der verschwundene Buchladen</marc:subfield>
   </marc:datafield>
   <marc:datafield ind1="0" ind2="0" tag="245">
      <marc:subfield code="b">Wie weit wirst du gehen, um deine Geschichte zu finden?</marc:subfield>
   </marc:datafield>
   <marc:datafield ind1=" " ind2="1" tag="264">
      <marc:subfield code="b">Adrian Verlag</marc:subfield>
      <marc:subfield code="c">2024</marc:subfield>
   </marc:datafield>
   <marc:datafield ind1="1" ind2=" " tag="520">
      <marc:subfield code="a">Zu lange waren Opaline, Martha und Henry nur Nebenfiguren in ihrem eigenen Leben.
 
Doch als diese drei ahnungslosen Fremden einen mysteriösen, verschwundenen Buchladen entdecken, wird alles anders. Dieser magische Ort zieht sie in ihren Bann und lässt sie erkennen, dass ihre eigenen Geschichten genauso außergewöhnlich sind wie die auf den Seiten ihrer geliebten Bücher. Während sie Geheimnisse lüften, tauchen sie in eine Welt voller Wunder ein, in der nichts so ist, wie es scheint. (Verlagstext)</marc:subfield>
   </marc:datafield>
   <marc:datafield ind1=" " ind2=" " tag="020">
      <marc:subfield code="a">9783985852116</marc:subfield>
      <marc:subfield code="9">9783985852116</marc:subfield>
   </marc:datafield>
</marc:record>
